Helping tenant farmers diversify (Record no. 118119)
[ view plain ]
| 000 -LEADER | |
|---|---|
| fixed length control field | 01454cam a2200229 4500 |
| 001 - CONTROL NUMBER | |
| control field | WB@3612-797 |
| 008 - FIXED-LENGTH DATA ELEMENTS--GENERAL INFORMATION | |
| fixed length control field | 041005n2004 000 0 eng u |
| 035 ## - SYSTEM CONTROL NUMBER | |
| System control number | (Sirsi) u127622 |
| 245 ## - TITLE STATEMENT | |
| Title | Helping tenant farmers diversify |
| 260 ## - PUBLICATION, DISTRIBUTION, ETC. | |
| Date of publication, distribution, etc. | 2004 |
| 490 ## - SERIES STATEMENT | |
| Series statement | DEFRA News Release |
| Volume/sequential designation | (388/04) 4 October 2004 (2) |
| 520 ## - SUMMARY, ETC. | |
| Summary, etc. | Two new measures have been introduced with £250 000 DEFRA backing to help tenant farmers diversify and secure a profitable future. The Tenancy Reform Industry Group's code of practice is designed to stimulate diversification in the tenanted sector. DEFRA is consulting on amending outdated legislation to remove barriers to ensure diversification does not prevent tenancy succession and to create greater flexibility for landlords and tenants to agree rent review provisions, compensation payable at the end of a tenancy and the notice period to terminate a tenancy. The code of practice is available at http://www.defra.gov.uk/farm/tenancy/index.htm#cog p and the consultation at http://www.defra.gov.uk/corporate/consult/tenancy- reform/index.htm. http://www.defra.gov.uk/news/2004/041004b.htm |
| 590 ## - LOCAL NOTE (RLIN) | |
| Local note | WB |
| 590 ## - LOCAL NOTE (RLIN) | |
| Local note | WB |
| 650 ## - SUBJECT ADDED ENTRY--TOPICAL TERM | |
| Topical term or geographic name entry element | AGRICULTURAL HOLDINGS ACT 1986 |
| 650 ## - SUBJECT ADDED ENTRY--TOPICAL TERM | |
| Topical term or geographic name entry element | AGRICULTURAL TENANCIES ACT 1995 |
| 650 ## - SUBJECT ADDED ENTRY--TOPICAL TERM | |
| Topical term or geographic name entry element | PROPERTY-LANDLORD AND TENANT-TENANCIES-AGRICULTURAL TENANCIES |
| 650 ## - SUBJECT ADDED ENTRY--TOPICAL TERM | |
| Topical term or geographic name entry element | TENANT FARMERS |
| 650 ## - SUBJECT ADDED ENTRY--TOPICAL TERM | |
| Topical term or geographic name entry element | DIVERSIFICATION |
| 690 ## - LOCAL SUBJECT ADDED ENTRY--TOPICAL TERM (OCLC, RLIN) | |
| Topical term or geographic name as entry element | RURAL-AGRICULTURE AND FORESTRY |
| 942 ## - ADDED ENTRY ELEMENTS (KOHA) | |
| Suppress in OPAC | 0 |
| Withdrawn status | Lost status | Source of classification or shelving scheme | Damaged status | Not for loan | Home library | Current library | Shelving location | Date acquired | Total Checkouts | Full call number | Barcode | Date last seen | Copy number | Price effective from | Koha item type |
|---|---|---|---|---|---|---|---|---|---|---|---|---|---|---|---|
| Dewey Decimal Classification | London | London | News article | 05/10/2004 | WB4038-16 | 127622-1001 | 06/08/2019 | 1 | 06/08/2019 | News article |